[Event "FIDE WYCC 2016 U16 boys"]
[Site "Khanty Mansiysk"]
[Date "2016.09.23"]
[Round "2.25"]
[White "Sezdbekov, Arzybek"]
[Black "Yordanov, Lachezar"]
[Result "0-1"]
[WhiteElo "1861"]
[BlackElo "2300"]
[Annotator "Reinhold Goldau"]
[PlyCount "224"]
[EventDate "2016.09.??"]
[EventType "swiss"]
[EventRounds "11"]
[EventCountry "RUS"]
[SourceTitle "Youth Database"]
[Source "CBase R.Goldau"]
[SourceDate "2000.03.01"]

1. e4 c5 2. Nc3 Nc6 3. Nf3 d6 4. Bc4 g6 5. d4 cxd4 6. Nxd4 Bg7 7. Be3 Nf6 8. h3
O-O 9. O-O a6 10. Qd2 Ne5 11. Be2 b5 12. f4 b4 13. Nd5 Nxe4 14. Qxb4 e6 15. Nc3
Nxc3 16. bxc3 Nd7 17. Qxd6 Bb7 18. Rab1 Rb8 19. Rb3 Qc8 20. Nf3 Rd8 21. Rd1 Bf8
22. Qd2 Qc6 23. Bd3 Nc5 24. Bxc5 Bxc5+ 25. Kh1 Qc7 26. Ne5 a5 27. Qe2 a4 28.
Rbb1 Bd6 29. c4 Rbc8 30. Qe3 Ba6 31. Qb6 Bxe5 32. Qxa6 Bxf4 33. Qb6 Qe7 34. Qf2
Bb8 35. Rf1 Qc7 36. g4 Rd7 37. Qg2 Rcd8 38. Rf3 Qe5 39. Qg1 Ba7 40. Qg3 Qd4 41.
Qf4 Qc5 42. Qg3 Re7 43. Re1 Rb8 44. Qe5 Qb4 45. Kg2 Rd8 46. Re2 Rb7 47. Qe4
Rdd7 48. Qe5 Bb8 49. Qe3 Qd6 50. Qg1 Rb1 51. Re1 Rdb7 52. c5 Qc7 53. Rfe3 Rxe1
54. Rxe1 Rb2 55. Qd4 Qg3+ 56. Kf1 Qxh3+ 57. Ke2 Qh2+ 58. Qf2 Qc7 59. Rh1 Ba7
60. Qh4 Qe5+ 61. Kf3 Bxc5 62. Qxh7+ Kf8 63. Qh8+ Qxh8 64. Rxh8+ Kg7 65. Rc8 Bf8
66. Bc4 Bd6 67. c3 Be5 68. Ke4 Bxc3 69. Rc7 Bf6 70. Kd3 Kf8 71. Ra7 Rg2 72.
Rxa4 Rxg4 73. Ra8+ Kg7 74. Bb3 Rd4+ 75. Ke2 Rd7 76. a4 g5 77. Bc4 Bd4 78. Kf3
Kf6 79. a5 Ke5 80. Kg4 Be3 81. Kf3 Ba7 82. a6 Rc7 83. Bb5 f5 84. Rg8 g4+ 85.
Kg3 Rc3+ 86. Kg2 Rc2+ 87. Kf1 Kf4 88. Bd7 Kf3 89. Ke1 Be3 90. Ba4 Re2+ 91. Kf1
Ra2 92. Bc6+ Kg3 93. Re8 Rxa6 94. Rxe6 f4 95. Bd5 Ra4 96. Ke2 Bf2 97. Rf6 Ra5
98. Bc6 Ra2+ 99. Kf1 Ra1+ 100. Ke2 Re1+ 101. Kd2 Re7 102. Rg6 f3 103. Rf6 Be1+
104. Kd1 Bc3 105. Rf5 Re5 106. Rf7 Re6 107. Bb7 Bb4 108. Rf5 Rd6+ 109. Kc2 Rd4
110. Ba6 Kf2 111. Bb7 Bd2 112. Rf7 Be3 0-1

[Event "FIDE WYCC 2016 U16 boys"]
[Site "Khanty Mansiysk"]
[Date "2016.09.23"]
[Round "2.26"]
[White "Riess, Alexander"]
[Black "Garbowski, Jakub"]
[Result "1/2-1/2"]
[WhiteElo "2227"]
[BlackElo "2030"]
[Annotator "Reinhold Goldau"]
[PlyCount "101"]
[EventDate "2016.09.??"]
[EventType "swiss"]
[EventRounds "11"]
[EventCountry "RUS"]
[SourceTitle "Youth Database"]
[Source "CBase R.Goldau"]
[SourceDate "2000.03.01"]

1. d4 Nf6 2. c4 g6 3. Nc3 d5 4. cxd5 Nxd5 5. e4 Nxc3 6. bxc3 Bg7 7. Qa4+ c6 8.
Nf3 O-O 9. Be2 Nd7 10. O-O e5 11. Be3 Re8 12. Qc2 Qe7 13. Bc4 h6 14. Rae1 Nb6
15. Bb3 exd4 16. cxd4 Be6 17. d5 Bg4 18. Bc5 Qd7 19. Qd3 cxd5 20. exd5 Rac8 21.
Rxe8+ Rxe8 22. Rd1 Na4 23. Bd4 Nb2 24. Bxb2 Bxb2 25. d6 Be6 26. Re1 Bf5 27.
Rxe8+ Qxe8 28. Qd5 b6 29. Bc4 Bf6 30. h4 Be6 31. Qe4 Kf8 32. Bxe6 Qxe6 33. Qd3
Ke8 34. Qb5+ Qd7 35. Qe2+ Qe6 36. Qb5+ Qd7 37. Qd5 Qe6 38. Qc6+ Qd7 39. Qe4+
Qe6 40. Qc6+ Qd7 41. Qa8+ Bd8 42. Qe4+ Qe6 43. Qc6+ Qd7 44. Qd5 Qe6 45. Qc6+
Qd7 46. Qe4+ Qe6 47. Qb4 Kd7 48. Qa4+ Kxd6 49. Qxa7 Qd5 50. Qa3+ Ke6 51. Qe3+
1/2-1/2

[Event "FIDE WYCC 2016 U16 boys"]
[Site "Khanty Mansiysk"]
[Date "2016.09.23"]
[Round "2.27"]
[White "Tifferet, Shaked"]
[Black "Svidersky, Nikita"]
[Result "0-1"]
[WhiteElo "2220"]
[BlackElo "1979"]
[Annotator "Reinhold Goldau"]
[PlyCount "101"]
[EventDate "2016.09.??"]
[EventType "swiss"]
[EventRounds "11"]
[EventCountry "RUS"]
[SourceTitle "Youth Database"]
[Source "CBase R.Goldau"]
[SourceDate "2000.03.01"]

1. e4 c5 2. Nf3 Nc6 3. d4 cxd4 4. Nxd4 Nf6 5. Nc3 e6 6. Ndb5 Bb4 7. a3 Bxc3+ 8.
Nxc3 d5 9. exd5 exd5 10. Bd3 O-O 11. O-O d4 12. Ne4 Nxe4 13. Bxe4 Qf6 14. b4
Bf5 15. Bxf5 Qxf5 16. Bb2 Rfd8 17. Qd3 Qxd3 18. cxd3 Ne5 19. Rad1 Rd5 20. Rfe1
Nc6 21. Rc1 Kf8 22. a4 a6 23. Rc4 Re8 24. Kf1 Re6 25. Rxe6 fxe6 26. Ke2 Ke7 27.
Rc5 Kd6 28. Rc2 b5 29. axb5 Rxb5 30. Rc4 Nxb4 31. Rxd4+ Nd5 32. Ba3+ Kc6 33.
Rc4+ Kb6 34. Bf8 g6 35. Bg7 Rb4 36. Rc8 Rh4 37. Be5 Nf4+ 38. Bxf4 Rxf4 39. Re8
Rf6 40. h4 a5 41. g4 Kb5 42. Ke3 a4 43. Rb8+ Ka5 44. f4 a3 45. Ke4 Rf7 46. Ra8+
Kb4 47. Ke5 Rb7 48. Kxe6 Rb6+ 49. Kf7 Rb5 50. Kg7 Ra5 51. Re8 0-1

[Event "FIDE WYCC 2016 U16 boys"]
[Site "Khanty Mansiysk"]
[Date "2016.09.23"]
[Round "2.28"]
[White "Donoso Diaz, Sebastian"]
[Black "Koziol, Kamil"]
[Result "1-0"]
[WhiteElo "2005"]
[BlackElo "2212"]
[Annotator "Reinhold Goldau"]
[PlyCount "47"]
[EventDate "2016.09.??"]
[EventType "swiss"]
[EventRounds "11"]
[EventCountry "RUS"]
[SourceTitle "Youth Database"]
[Source "CBase R.Goldau"]
[SourceDate "2000.03.01"]

1. e4 c5 2. Nf3 e6 3. d4 cxd4 4. Nxd4 a6 5. Bd3 Bc5 6. Nb3 Be7 7. Qg4 g6 8. Qe2
d6 9. O-O Nd7 10. Na3 Ne5 11. Rd1 Nf6 12. Bh6 Nfg4 13. Bf4 Nxd3 14. Rxd3 e5 15.
Bg3 Qc7 16. Rc3 Qb8 17. Nc4 b6 18. f3 Nf6 19. Bf2 Nd7 20. Rd1 O-O 21. Qd2 Nc5
22. Nxd6 Rd8 23. Nxc5 bxc5 24. Bxc5 1-0

[Event "FIDE WYCC 2016 U16 boys"]
[Site "Khanty Mansiysk"]
[Date "2016.09.23"]
[Round "2.29"]
[White "Bold, Khosbayar"]
[Black "Nguyen, Dang Hong Phuc"]
[Result "0-1"]
[WhiteElo "1926"]
[BlackElo "2209"]
[Annotator "Reinhold Goldau"]
[PlyCount "66"]
[EventDate "2016.09.??"]
[EventType "swiss"]
[EventRounds "11"]
[EventCountry "RUS"]
[SourceTitle "Youth Database"]
[Source "CBase R.Goldau"]
[SourceDate "2000.03.01"]

1. e4 c5 2. Nf3 d6 3. d4 cxd4 4. Nxd4 Nf6 5. Nc3 a6 6. Be3 e6 7. g4 d5 8. e5
Nfd7 9. f4 Be7 10. Qe2 Nc6 11. O-O-O Qc7 12. Bg2 Nb6 13. Rhe1 Na5 14. Nb3 Nac4
15. Bd4 Bd7 16. f5 Bb4 17. a3 Nxa3 18. fxe6 fxe6 19. Bxb6 Qxb6 20. Rd3 Nb5 21.
Na4 Qc7 22. Rf1 Be7 23. Rdf3 Na7 24. Nc3 Nc6 25. Rf7 Qxe5 26. Qf2 O-O-O 27. Nc5
Rhf8 28. Nxd7 Kxd7 29. Qb6 Kc8 30. Kb1 Qxh2 31. Rxe7 Rxf1+ 32. Bxf1 Nxe7 33. g5
Qh1 0-1

[Event "FIDE WYCC 2016 U16 boys"]
[Site "Khanty Mansiysk"]
[Date "2016.09.23"]
[Round "2.30"]
[White "Turar, Dastan"]
[Black "Khodashneli, Shota"]
[Result "1-0"]
[WhiteElo "2205"]
[BlackElo "1926"]
[Annotator "Reinhold Goldau"]
[PlyCount "26"]
[EventDate "2016.09.??"]
[EventType "swiss"]
[EventRounds "11"]
[EventCountry "RUS"]
[SourceTitle "Youth Database"]
[Source "CBase R.Goldau"]
[SourceDate "2000.03.01"]

1. d4 d6 2. Nf3 f5 3. h4 Nf6 4. h5 e6 5. c4 Be7 6. Nc3 Nc6 7. Bf4 Ng4 8. d5 e5
9. Bc1 Nb8 10. e4 f4 11. Be2 a5 12. a3 Bd7 13. c5 dxc5 1-0

[Event "FIDE WYCC 2016 U16 boys"]
[Site "Khanty Mansiysk"]
[Date "2016.09.23"]
[Round "2.31"]
[White "Petersen, Caleb"]
[Black "Shkurkin, Andrey"]
[Result "1/2-1/2"]
[WhiteElo "1884"]
[BlackElo "2190"]
[Annotator "Reinhold Goldau"]
[PlyCount "73"]
[EventDate "2016.09.??"]
[EventType "swiss"]
[EventRounds "11"]
[EventCountry "RUS"]
[SourceTitle "Youth Database"]
[Source "CBase R.Goldau"]
[SourceDate "2000.03.01"]

1. e4 c5 2. d4 cxd4 3. c3 g6 4. cxd4 d5 5. exd5 Nf6 6. Bc4 Bg7 7. Nc3 O-O 8. a4
b6 9. Nf3 Na6 10. Ne5 Nc7 11. Nc6 Qd6 12. Qb3 Bb7 13. Qa3 Rfe8 14. O-O Bxc6 15.
Qxd6 exd6 16. dxc6 d5 17. Bb3 Re6 18. Bf4 Rxc6 19. Rfd1 a6 20. Kf1 Rd8 21. Be5
Ne4 22. Bxc7 Rxc7 23. Nxd5 Rcd7 24. f3 Nd6 25. Nxb6 Rb7 26. a5 Nf5 27. Rd3 Rxd4
28. Rad1 Rxd3 29. Rxd3 Bxb2 30. g4 Nd4 31. Bc4 Nc6 32. Bd5 Rc7 33. Bxc6 Rxc6
34. Rd8+ Kg7 35. Ra8 Bc3 36. Rxa6 Rc5 37. Na4 1/2-1/2

[Event "FIDE WYCC 2016 U16 boys"]
[Site "Khanty Mansiysk"]
[Date "2016.09.23"]
[Round "2.32"]
[White "Den Hartog, Marijn"]
[Black "Plaza Reino, Agustin"]
[Result "1-0"]
[WhiteElo "2190"]
[BlackElo "1891"]
[Annotator "Reinhold Goldau"]
[PlyCount "48"]
[EventDate "2016.09.??"]
[EventType "swiss"]
[EventRounds "11"]
[EventCountry "RUS"]
[SourceTitle "Youth Database"]
[Source "CBase R.Goldau"]
[SourceDate "2000.03.01"]

1. e4 c5 2. Nf3 e6 3. d4 cxd4 4. Nxd4 a6 5. c4 Nf6 6. Bd3 Qc7 7. Qe2 d6 8. O-O
Be7 9. Nc3 b6 10. Be3 Bb7 11. a4 Nbd7 12. g3 Ne5 13. a5 bxa5 14. Nb3 O-O 15.
Nxa5 Nxd3 16. Qxd3 Rfc8 17. Rfc1 Nd7 18. b4 Ne5 19. Qd2 Nc6 20. Ne2 Bd8 21. Nd4
Qb8 22. Ndb3 Bf6 23. Rab1 Rd8 24. Bd4 Qc7 1-0

[Event "FIDE WYCC 2016 U16 boys"]
[Site "Khanty Mansiysk"]
[Date "2016.09.23"]
[Round "2.33"]
[White "Anaskin, Arsenij"]
[Black "Zubehhin, Aleksei"]
[Result "1-0"]
[WhiteElo "2153"]
[BlackElo "1866"]
[Annotator "Reinhold Goldau"]
[PlyCount "90"]
[EventDate "2016.09.??"]
[EventType "swiss"]
[EventRounds "11"]
[EventCountry "RUS"]
[SourceTitle "Youth Database"]
[Source "CBase R.Goldau"]
[SourceDate "2000.03.01"]

1. e4 e6 2. d4 d5 3. Nd2 c5 4. exd5 exd5 5. Ngf3 Nc6 6. Bb5 Be6 7. O-O Bd6 8.
dxc5 Bxc5 9. Nb3 Qb6 10. Nfd4 Nge7 11. Be3 Bxd4 12. Nxd4 Qc7 13. Nxe6 fxe6 14.
Qg4 Nf5 15. Rfe1 O-O 16. Bf4 Qf7 17. c3 a6 18. Bd3 Rae8 19. Be5 Kh8 20. Re2
Nxe5 21. Rxe5 Qf6 22. Rae1 Nd6 23. Qg3 g6 24. R5e3 e5 25. Qf3 Qxf3 26. gxf3 d4
27. Rxe5 Rxe5 28. Rxe5 dxc3 29. bxc3 Rxf3 30. Rd5 Rf6 31. c4 Kg7 32. Kg2 Nf5
33. Rd7+ Rf7 34. Bxf5 gxf5 35. Rxf7+ Kxf7 36. Kf3 Ke6 37. Kf4 h6 38. Ke3 b5 39.
cxb5 axb5 40. Kd4 Kd6 41. a3 h5 42. f4 h4 43. h3 Kc6 44. Ke5 Kd7 45. Kxf5 Ke7
1-0

[Event "FIDE WYCC 2016 U16 boys"]
[Site "Khanty Mansiysk"]
[Date "2016.09.23"]
[Round "2.34"]
[White "Zamar Kodelja, Jurij"]
[Black "Herath, H M A K."]
[Result "1-0"]
[WhiteElo "2126"]
[BlackElo "1860"]
[Annotator "Reinhold Goldau"]
[PlyCount "91"]
[EventDate "2016.09.??"]
[EventType "swiss"]
[EventRounds "11"]
[EventCountry "RUS"]
[SourceTitle "Youth Database"]
[Source "CBase R.Goldau"]
[SourceDate "2000.03.01"]

1. d4 d5 2. c4 e6 3. Nc3 c5 4. cxd5 exd5 5. Nf3 Nc6 6. g3 Nf6 7. Bg2 Be7 8. O-O
O-O 9. Bg5 cxd4 10. Nxd4 h6 11. Be3 Re8 12. Rc1 Bg4 13. h3 Be6 14. Nxe6 fxe6
15. f4 Qd7 16. Bf2 Red8 17. Qd3 Rac8 18. Rfd1 b6 19. e4 dxe4 20. Qxd7 Rxd7 21.
Rxd7 Nxd7 22. Nxe4 Ndb8 23. Bf1 Kf7 24. Nd2 Rd8 25. Nf3 Bf6 26. Bb5 Rd6 27. b3
Ne7 28. Rc7 a6 29. Be2 b5 30. a4 bxa4 31. bxa4 a5 32. Kg2 Nbc6 33. Bc4 g6 34.
g4 Ke8 35. Bb5 Kf8 36. Bc5 Rd5 37. Rxc6 Kf7 38. Bxe7 Kxe7 39. Bc4 Rd6 40. Rxd6
Kxd6 41. g5 hxg5 42. fxg5 Bg7 43. Bd3 e5 44. Bxg6 Ke6 45. Be4 Kf7 46. h4 1-0

[Event "FIDE WYCC 2016 U16 boys"]
[Site "Khanty Mansiysk"]
[Date "2016.09.23"]
[Round "2.35"]
[White "Van Der Lingen, Cornelis Petru"]
[Black "German, Nikita"]
[Result "0-1"]
[WhiteElo "1826"]
[BlackElo "2106"]
[Annotator "Reinhold Goldau"]
[PlyCount "68"]
[EventDate "2016.09.??"]
[EventType "swiss"]
[EventRounds "11"]
[EventCountry "RUS"]
[SourceTitle "Youth Database"]
[Source "CBase R.Goldau"]
[SourceDate "2000.03.01"]

1. e4 c5 2. Nf3 e6 3. d4 cxd4 4. Nxd4 a6 5. Bd3 Nf6 6. O-O Qc7 7. Nc3 d6 8. Kh1
g6 9. Nb3 Bg7 10. Bd2 O-O 11. a4 b6 12. Qe2 Bb7 13. Rae1 Nbd7 14. f4 Rfd8 15.
Qf2 Rac8 16. Qe2 Ra8 17. Qf2 d5 18. e5 Ne4 19. Bxe4 dxe4 20. Be3 Rac8 21. Re2
Bf8 22. Rc1 Nc5 23. Nxc5 Bxc5 24. Bxc5 Qxc5 25. Qe1 Qb4 26. Rb1 e3 27. f5 exf5
28. Rxe3 f4 29. Rh3 Qe7 30. Qh4 Qxh4 31. Rxh4 Rd2 32. Rxf4 Rxg2 33. Ne4 Re2 34.
e6 Bxe4+ 0-1

[Event "FIDE WYCC 2016 U16 boys"]
[Site "Khanty Mansiysk"]
[Date "2016.09.23"]
[Round "2.36"]
[White "Mohammad, Fahim"]
[Black "Min, Po Yen"]
[Result "1-0"]
[WhiteElo "2090"]
[BlackElo "1842"]
[Annotator "Reinhold Goldau"]
[PlyCount "55"]
[EventDate "2016.09.??"]
[EventType "swiss"]
[EventRounds "11"]
[EventCountry "RUS"]
[SourceTitle "Youth Database"]
[Source "CBase R.Goldau"]
[SourceDate "2000.03.01"]

1. Nf3 Nf6 2. c4 e6 3. Nc3 b6 4. Rg1 Bb7 5. e3 d5 6. g4 Ne4 7. cxd5 exd5 8.
Qa4+ Bc6 9. Bb5 Bxb5 10. Nxb5 c6 11. Nbd4 Bd6 12. d3 Nc5 13. Qc2 Qf6 14. Bd2
Ne6 15. Nf5 Be5 16. Nxe5 Qxe5 17. Bc3 Qxh2 18. O-O-O f6 19. Rg3 Nd7 20. e4 d4
21. Bxd4 Nxd4 22. Nxd4 Rc8 23. Nf5 Kf8 24. Nd6 Rc7 25. Qc4 Ne5 26. Qe6 Qh6+ 27.
g5 Qg6 28. gxf6 1-0

[Event "FIDE WYCC 2016 U16 boys"]
[Site "Khanty Mansiysk"]
[Date "2016.09.23"]
[Round "2.37"]
[White "Maerevoet, Sim"]
[Black "Nurzhanov, Timur"]
[Result "1-0"]
[WhiteElo "1771"]
[BlackElo "2087"]
[Annotator "Reinhold Goldau"]
[PlyCount "111"]
[EventDate "2016.09.??"]
[EventType "swiss"]
[EventRounds "11"]
[EventCountry "RUS"]
[SourceTitle "Youth Database"]
[Source "CBase R.Goldau"]
[SourceDate "2000.03.01"]

1. e4 c5 2. Nf3 e6 3. b4 cxb4 4. d4 b6 5. a3 Bb7 6. Bd3 Nf6 7. Bg5 h6 8. Bxf6
Qxf6 9. O-O Nc6 10. e5 Qd8 11. axb4 Nxb4 12. Bb5 a6 13. Ba4 b5 14. Bb3 Qc7 15.
Na3 Nd5 16. c4 Nc3 17. Qd2 b4 18. Nb1 Nxb1 19. Raxb1 Bxf3 20. gxf3 Be7 21. Qd3
O-O 22. Kh1 f6 23. Bc2 f5 24. Bd1 d6 25. f4 a5 26. Bb3 Kh8 27. Rg1 Rfd8 28. Qe3
dxe5 29. fxe5 Qd7 30. d5 a4 31. Bd1 exd5 32. Bh5 dxc4 33. Rxg7 f4 34. Qe4 Qd5
35. Rh7+ Kg8 36. Bf7+ Qxf7 37. Rxf7 Kxf7 38. Qxc4+ Kg7 39. Rg1+ Kh8 40. Qe6 Bg5
41. h4 Re8 42. Qg4 a3 43. hxg5 a2 44. Qxf4 Ra7 45. Qf6+ Kh7 46. g6+ Kg8 47. e6
Rf8 48. Qf7+ Rfxf7 49. gxf7+ Kf8 50. Rg8+ Ke7 51. f8=Q+ Kxe6 52. Qxh6+ Kd5 53.
Qd2+ Kc6 54. Rg6+ Kb5 55. Qd5+ Ka4 56. Qxa2+ 1-0

[Event "FIDE WYCC 2016 U16 boys"]
[Site "Khanty Mansiysk"]
[Date "2016.09.23"]
[Round "2.38"]
[White "D`avino, Gianfranco"]
[Black "Chumak, Dmitrii"]
[Result "1-0"]
[WhiteElo "2085"]
[BlackElo "1791"]
[Annotator "Reinhold Goldau"]
[PlyCount "67"]
[EventDate "2016.09.??"]
[EventType "swiss"]
[EventRounds "11"]
[EventCountry "RUS"]
[SourceTitle "Youth Database"]
[Source "CBase R.Goldau"]
[SourceDate "2000.03.01"]

1. e4 e5 2. Nf3 Nc6 3. d4 exd4 4. Nxd4 Nf6 5. Nxc6 bxc6 6. Qe2 Be7 7. e5 Nd5 8.
c4 Ba6 9. Qg4 Nb4 10. Qxg7 Rf8 11. Qxh7 Bc5 12. a3 Qe7 13. f4 O-O-O 14. axb4
Bxb4+ 15. Bd2 Bb7 16. Qc2 f6 17. Bxb4 Qxb4+ 18. Nc3 fxe5 19. fxe5 Rde8 20.
O-O-O Rxe5 21. Bd3 d5 22. cxd5 cxd5 23. Nb5 c6 24. Rhf1 Rfe8 25. Qc3 Qe7 26.
Rf7 Qg5+ 27. Kb1 R8e7 28. Nd6+ Kc7 29. Rxe7+ Qxe7 30. Nxb7 Kxb7 31. Rc1 Qd6 32.
Qc5 Qf6 33. Rf1 Qe6 34. Qb4+ 1-0

[Event "FIDE WYCC 2016 U16 boys"]
[Site "Khanty Mansiysk"]
[Date "2016.09.23"]
[Round "2.39"]
[White "Hsieh, Wen Chin"]
[Black "Stabulnieks, Klavs"]
[Result "0-1"]
[WhiteElo "1063"]
[BlackElo "2069"]
[Annotator "Reinhold Goldau"]
[PlyCount "60"]
[EventDate "2016.09.??"]
[EventType "swiss"]
[EventRounds "11"]
[EventCountry "RUS"]
[SourceTitle "Youth Database"]
[Source "CBase R.Goldau"]
[SourceDate "2000.03.01"]

1. e4 c5 2. Nc3 d6 3. g3 g6 4. Bg2 Bg7 5. f4 Nc6 6. Nf3 e6 7. d3 Nge7 8. O-O
Nd4 9. Be3 Nec6 10. Rb1 O-O 11. Ne2 Qa5 12. a3 Qa4 13. Nexd4 cxd4 14. Bd2 Bd7
15. c3 Qxd1 16. Rfxd1 a5 17. cxd4 Nxd4 18. Nxd4 Bxd4+ 19. Kf1 Rfc8 20. b4 Ba4
21. Rdc1 Bc2 22. bxa5 Bxd3+ 23. Ke1 Bxb1 24. Rxb1 Bc3 25. Rxb7 Rxa5 26. Rb3
Bxd2+ 27. Kxd2 Rca8 28. Ke1 Rxa3 29. Rb6 Ra1+ 30. Kf2 Rc1 0-1

[Event "FIDE WYCC 2016 U16 boys"]
[Site "Khanty Mansiysk"]
[Date "2016.09.23"]
[Round "2.40"]
[White "Savic, Mihailo S"]
[Black "Wang, Ting Hao"]
[Result "1/2-1/2"]
[WhiteElo "2067"]
[BlackElo "1618"]
[Annotator "Reinhold Goldau"]
[PlyCount "76"]
[EventDate "2016.09.??"]
[EventType "swiss"]
[EventRounds "11"]
[EventCountry "RUS"]
[SourceTitle "Youth Database"]
[Source "CBase R.Goldau"]
[SourceDate "2000.03.01"]

1. e4 d5 2. exd5 Qxd5 3. Nc3 Qd6 4. d4 Nf6 5. Nf3 Bg4 6. Be2 e6 7. O-O c6 8.
Re1 Nbd7 9. a4 Be7 10. b3 Qc7 11. h3 Bh5 12. Ne5 Bxe2 13. Qxe2 Bb4 14. Bd2 Qd6
15. Nf3 O-O 16. Rad1 Qe7 17. Ne4 Nxe4 18. Qxe4 Nf6 19. Qh4 Bxd2 20. Rxd2 Nd5
21. Qxe7 Nxe7 22. Kf1 Rfd8 23. Ke2 Rac8 24. Ne5 Ng6 25. Nc4 Kf8 26. g3 Rd7 27.
Red1 Rcd8 28. Ne3 Ne7 29. c4 f6 30. Rd3 Kf7 31. R1d2 g6 32. h4 Nf5 33. Nxf5
gxf5 34. Ke3 Ke7 35. a5 e5 36. Rd1 Ke6 37. R1d2 b6 38. axb6 axb6 1/2-1/2

[Event "FIDE WYCC 2016 U16 boys"]
[Site "Khanty Mansiysk"]
[Date "2016.09.23"]
[Round "2.41"]
[White "Lintner, Igor"]
[Black "Van Der Meer, Anthony"]
[Result "1-0"]
[WhiteElo "2065"]
[BlackElo "1073"]
[Annotator "Reinhold Goldau"]
[PlyCount "55"]
[EventDate "2016.09.??"]
[EventType "swiss"]
[EventRounds "11"]
[EventCountry "RUS"]
[SourceTitle "Youth Database"]
[Source "CBase R.Goldau"]
[SourceDate "2000.03.01"]

1. e4 e5 2. Nf3 Nc6 3. Bc4 Bc5 4. c3 Nf6 5. d3 d6 6. Nbd2 Be6 7. Bb3 O-O 8. Nf1
Ng4 9. Ne3 Nxe3 10. Bxe3 Bb6 11. O-O Bg4 12. h3 Bh5 13. g4 Bg6 14. Bg5 Qd7 15.
Nh4 Kh8 16. a4 h6 17. Bd2 Qe7 18. Nf5 Bxf5 19. gxf5 Qh4 20. Qg4 Qxg4+ 21. hxg4
f6 22. Kg2 Ne7 23. Rh1 Kh7 24. Rh3 a6 25. Rah1 Rh8 26. Be6 Rad8 27. Rxh6+ gxh6
28. Bxh6 1-0

[Event "FIDE WYCC 2016 U16 boys"]
[Site "Khanty Mansiysk"]
[Date "2016.09.24"]
[Round "3.1"]
[White "Kevlishvili, Robby"]
[Black "Tabatabaei, M Amin"]
[Result "0-1"]
[WhiteElo "2402"]
[BlackElo "2493"]
[Annotator "Reinhold Goldau"]
[PlyCount "100"]
[EventDate "2016.09.??"]
[EventType "swiss"]
[EventRounds "11"]
[EventCountry "RUS"]
[SourceTitle "Youth Database"]
[Source "CBase R.Goldau"]
[SourceDate "2000.03.01"]
[TimeControl "40/5400+30:1800+30"]

1. e4 {[%emt 0:00:00]} c5 {[%emt 0:00:53]} 2. Nf3 {[%emt 0:00:00]} d6 {[%emt 0:
00:06]} 3. d4 {[%emt 0:00:00]} cxd4 {[%emt 0:00:04]} 4. Nxd4 {[%emt 0:00:00]}
Nf6 {[%emt 0:00:06]} 5. Nc3 {[%emt 0:00:00]} a6 {[%emt 0:00:05]} 6. Be3 {
[%emt 0:00:05]} e5 {[%emt 0:00:15]} 7. Nb3 {[%emt 0:00:09]} Be6 {[%emt 0:00:08]
} 8. f3 {[%emt 0:00:10]} Be7 {[%emt 0:00:39]} 9. Qd2 {[%emt 0:00:23]} O-O {
[%emt 0:00:08]} 10. O-O-O {[%emt 0:00:09]} Nbd7 {[%emt 0:00:08]} 11. g4 {
[%emt 0:00:54]} b5 {[%emt 0:00:06]} 12. g5 {[%emt 0:00:34]} Nh5 {[%emt 0:00:16]
} 13. Nd5 {[%emt 0:11:41]} Bxd5 {[%emt 0:00:19]} 14. exd5 {[%emt 0:00:07]} f5 {
[%emt 0:00:07]} 15. h4 {[%emt 0:11:39]} Ng3 {[%emt 0:29:38]} 16. Rg1 {[%emt 0:
02:20]} Nxf1 {[%emt 0:00:44]} 17. Rgxf1 {[%emt 0:04:16]} a5 {[%emt 0:01:09]}
18. Kb1 {[%emt 0:01:17]} b4 {[%emt 0:23:55]} 19. f4 {[%emt 0:05:58]} a4 {
[%emt 0:04:25]} 20. Nc1 {[%emt 0:00:15]} Qa5 {[%emt 0:00:16]} 21. Nd3 {[%emt 0:
11:21]} a3 {[%emt 0:10:07]} 22. b3 {[%emt 0:13:18]} Rab8 {[%emt 0:00:09]} 23.
Qe1 {[%emt 0:00:48]} e4 {[%emt 0:02:02]} 24. Nc1 {[%emt 0:00:10]} Bd8 {[%emt 0:
01:11]} 25. Rd4 {[%emt 0:16:17]} Bb6 {[%emt 0:04:33]} 26. Rxb4 {[%emt 0:01:12]}
Qxd5 {[%emt 0:00:09]} 27. Bxb6 {[%emt 0:00:54]} Nxb6 {[%emt 0:00:22]} 28. Ne2 {
[%emt 0:05:07]} Rfc8 {[%emt 0:06:08]} 29. Qc1 {[%emt 0:03:56]} Qc5 {[%emt 0:02:
59]} 30. Rd4 {[%emt 0:00:33]} Nc4 {[%emt 0:05:49]} 31. Ka1 {[%emt 0:03:10]} Nb2
{[%emt 0:01:13]} 32. c4 {[%emt 0:01:29]} d5 {[%emt 0:03:22]} 33. Rxd5 {[%emt 0:
02:35]} Qxd5 {[%emt 0:00:11]} 34. cxd5 {[%emt 0:00:05]} Rxc1+ {[%emt 0:00:05]}
35. Rxc1 {[%emt 0:00:03]} Nd3 {[%emt 0:01:53]} 36. Rc4 {[%emt 0:00:58]} Rd8 {
[%emt 0:00:06]} 37. Rd4 {[%emt 0:00:16]} Ne1 {[%emt 0:00:35]} 38. Kb1 {[%emt 0:
03:09]} Nf3 {[%emt 0:00:10]} 39. Rd1 {[%emt 0:00:14]} Nxh4 {[%emt 0:00:07]} 40.
b4 {[%emt 0:00:00]} Ng2 {[%emt 0:00:00]} 41. Rd4 {[%emt 0:04:11]} Ne3 {[%emt 0:
05:19]} 42. Nc3 {[%emt 0:01:24]} Ng2 {[%emt 0:01:34]} 43. Ne2 {[%emt 0:01:39]}
Kf7 {[%emt 0:05:17]} 44. Kc1 {[%emt 0:02:13]} h5 {[%emt 0:02:08]} 45. gxh6 {
[%emt 0:01:12]} gxh6 {[%emt 0:00:02]} 46. Ng3 {[%emt 0:03:03]} Nxf4 {[%emt 0:
01:48]} 47. Kc2 {[%emt 0:01:12]} Kf6 {[%emt 0:01:46]} 48. Kb3 {[%emt 0:00:42]}
Ke5 {[%emt 0:01:03]} 49. Rd1 {[%emt 0:00:15]} Rxd5 {[%emt 0:00:08]} 50. Rxd5+ {
[%emt 0:00:06]} Nxd5 {[%emt 0:00:02]} 0-1